000 01392nam a2200265Ia 4500
999 _c54862
_d54862
001 21931
003 GE_BSU
005 20220822133255.0
008 181216s ||||ge |||||||||||||| ||geo||
020 _a15120236
040 _cGE_BSU
041 _ageo
080 _a811.353.2 ო-47
100 _aონიანი, ალექსანდრე
_914546
245 _aსვანური ენა :
_b(ფონოლოგიისა და მორფოლოგიის საკითხები) /
_c ალექსანდრე ონიანი ; ტომის რედ:ზ.სარჯველაძე.
264 _aთბილისი :
_bსულხან-საბა ორბელიანის პედ. უნ-ტის გამ-ბა,
_c1998.
300 _a284 გვ. ;
_c20 სმ.
490 _aქართველოლოგიური ბიბლიოთეკა
_v2
541 _h7ლ.
653 _aსვანური ენა
653 _aსვანური ენა
653 _aწიგნში დაწვრილებითაა განხილული სვანური ენის ფონემატური და მორფოლოგიური სისტემები.
700 _aსარჯველაძე, ზ.
_eრედაქტორი
_97542
942 _cBK
_2udc